<?xml version="1.0" encoding="UTF-8"?><?xml-stylesheet type="text/xsl" href="static/style.xsl"?><OAI-PMH xmlns="http://www.openarchives.org/OAI/2.0/" xmlns:xsi="http://www.w3.org/2001/XMLSchema-instance" xsi:schemaLocation="http://www.openarchives.org/OAI/2.0/ http://www.openarchives.org/OAI/2.0/OAI-PMH.xsd"><responseDate>2026-04-17T02:42:51Z</responseDate><request verb="GetRecord" identifier="oai:www.recercat.cat:20.500.14342/2891" metadataPrefix="marc">https://recercat.cat/oai/request</request><GetRecord><record><header><identifier>oai:recercat.cat:20.500.14342/2891</identifier><datestamp>2025-03-15T03:35:57Z</datestamp><setSpec>com_2072_482405</setSpec><setSpec>com_2072_183628</setSpec><setSpec>col_2072_482415</setSpec></header><metadata><record xmlns="http://www.loc.gov/MARC21/slim" xmlns:dcterms="http://purl.org/dc/terms/" xmlns:xsi="http://www.w3.org/2001/XMLSchema-instance" xmlns:doc="http://www.lyncode.com/xoai" xsi:schemaLocation="http://www.loc.gov/MARC21/slim http://www.loc.gov/standards/marcxml/schema/MARC21slim.xsd">
   <leader>00925njm 22002777a 4500</leader>
   <datafield ind2=" " ind1=" " tag="042">
      <subfield code="a">dc</subfield>
   </datafield>
   <datafield ind2=" " ind1=" " tag="720">
      <subfield code="a">Orga, Ferran</subfield>
      <subfield code="e">author</subfield>
   </datafield>
   <datafield ind2=" " ind1=" " tag="720">
      <subfield code="a">Alías-Pujol, Francesc</subfield>
      <subfield code="e">author</subfield>
   </datafield>
   <datafield ind2=" " ind1=" " tag="720">
      <subfield code="a">Alsina-Pagès, Rosa Ma</subfield>
      <subfield code="e">author</subfield>
   </datafield>
   <datafield ind2=" " ind1=" " tag="260">
      <subfield code="c">2018-05-27</subfield>
   </datafield>
   <datafield ind2=" " ind1=" " tag="520">
      <subfield code="a">At least one million healthy life years are lost every year from traffic-related noise in the western part of Europe according to the World Health Organization. Other diseases have been linked with environmental noise, such as sleep disturbance, heart illnesses or tinnitus. The Environmental Noise Directive 2002/49/EC (END) and the CNOSSOS-EU framework are the main instruments provided by the European Union (EU) to identify and combat the noise pollution in the European countries. The END asks the EU member states to publish noise maps and the consequent action plans every five years. In order to automatize the process of noise monitoring, several projects are aimed at implementing a noise-mapping system by means of a wireless acoustic sensor network. However, to analyze the impact of traffic noise on public health, noise events non-related to traffic should be removed from the noise map computation since they may bias significantly the result. This work evaluates the impact of individual anomalous noise events on the equivalent sound level computation in relation to their Signal-to-Noise Ratio (SNR) and duration. The analysis is conducted within the framework of the LIFE DYNAMAP project, which is aimed at representing the acoustic impact of road infrastructures through dynamic noise mapping. The experiments consider four hours of real-life acoustic data recorded in the urban area of Milan (Italy), defining as critical those anomalous noise events exceeding the A-weighted equivalent sound level computation by more than 2 dB in a 5-min integration time. The results evidence, on the one hand, the presence of critical anomalous noise events, and on the other hand, prove that both SNR and duration are relevant parameters to characterize these events, which should be removed to avoid biasing subsequent health studies or action plans.</subfield>
   </datafield>
   <datafield ind1="8" ind2=" " tag="024">
      <subfield code="a">http://hdl.handle.net/20.500.14342/2891</subfield>
   </datafield>
   <datafield tag="653" ind2=" " ind1=" ">
      <subfield code="a">Soroll urbà</subfield>
   </datafield>
   <datafield tag="653" ind2=" " ind1=" ">
      <subfield code="a">Circulació--Soroll</subfield>
   </datafield>
   <datafield tag="653" ind2=" " ind1=" ">
      <subfield code="a">Contaminació acústica</subfield>
   </datafield>
   <datafield ind2="0" ind1="0" tag="245">
      <subfield code="a">Impact of Individual Anomalous Noise Events on the Monitoring of Traffic Noise in Urban Areas</subfield>
   </datafield>
</record></metadata></record></GetRecord></OAI-PMH>